00595nam a22002057a 4500003001100000005001700011008004100028020001500069040003900084041000800123082001600131245004000147250001200187260003400199300005600233650002100289700002800310700002400338700002700362LK-CoMWRAF20231022101025.0231022b2003 |||||||| |||| 00| 0 eng d a0072826711 aLK-CoMWRAFdLK-CoMWRAFeLK-CoMWRAF aeng a305.42bLEC aLectures on the psychology of women a3rd ed. aBoston:b McGraw-Hill, c2003 axvii, 397 p. : ill. ; 24 cm.bBibliography included aWOMEN-Psychology a Chrisler, Joan C.eed. a Golden, Carlaeed. aRozee, Patricia Deed.